000 01229 a2200265 4500
003 Nust
005 20221026134159.0
010 _a 2004301905
020 _a1558609148 (alk. paper)
035 _a(OCoLC)ocm55994668
040 _cNust
082 0 0 _a621.3,ZHA
100 1 _aZhao, Feng,
_9101429
245 1 0 _aWireless sensor networks :
_ban information processing approach /
_cFeng Zhao, Leonidas J. Guibas.
260 _aAmsterdam ;
_aSan Francisco :
_bMorgan Kaufmann,
_cc2004.
300 _axvii, 358 p. ;
_bill. ;
_c25 cm.
440 4 _aThe Morgan Kaufmann series in networking
_995656
505 _aIntroduction (Page-1), Canonical Problems (Page-23), Networking Sensors (Page-63), Infrastructure Establishment (Page-103), Sensor Tasking and Control (Page-135), Sensor Network Databases (Page-189), Sensor Network Platforms and Tools (Page-239), Applications and Future Directions (Page-291).
650 0 _aSensor networks.
_994573
650 0 _aWireless LANs.
_994460
700 1 _aGuibas, Leonidas J.
_9101430
856 4 1 _3Publisher description
_uhttp://www.loc.gov/catdir/description/els051/2004301905.html
856 4 1 _3Table of contents
_uhttp://www.loc.gov/catdir/toc/els051/2004301905.html
942 _2ddc
_cBK
999 _c179740
_d179740